00752nam a2200193 i 450000100060000000300090000600500170001500700030003200800410003510000330007624501520010926000300026130000200029165000310031170000510034285200240039399900170041795201240043470886ES-MaACL20251015170205.0t|040803s1921 sp ||||1| spa d1 aGarrison, Fielding H.95577710aIntroducción a la historia de la medicina / cpor Fielding H. Garrison ; traducida de la segunda edición inglesa por Eduardo García del Real. aMadrid : bCalpe, c1921. a2 v. ; c25 cm.04aMedicina-vHistoria9149070 aGarcía del Real, Eduardo, d1870-1946954523 aES-MaACLjE-1449-50 c70886d70886 00104070aATENEOMbATENEOMcDEPO2d2008-01-17eSCl0oE-1449-50p1074232r2023-02-23 00:00:00w2023-02-23yMONOGRAFIA